| 000 | 00610nam a2200241Ia 4500 | ||
|---|---|---|---|
| 003 | IT-RoPAU | ||
| 008 | 120407s9999 xx 000 0 und d | ||
| 040 | _aIT-RoPAU | ||
| 040 | _cIT-RoPAU | ||
| 041 | _aita | ||
| 100 | _aAlonso Luis Schòkel | ||
| 245 | _aLa parola ispirata. La Bibbia alla luce della scienza del linguaggio Trad. italiana di Luigi Previale | ||
| 250 | _aBrescia | ||
| 260 | _aPaideia | ||
| 260 | _c1967 | ||
| 300 | _a411 p. | ||
| 300 | _c21 cm | ||
| 490 | _aBiblioteca di cultura religiosa | ||
| 490 | _v7 | ||
| 600 | _a1. Bibbia: Ispirazione | ||
| 942 | _cBK | ||
| 999 |
_c34249 _d34249 |
||